000 00691nam a2200241 a 4500
003 MX-MxUPN
005 20240816114521.0
008 991125s1932 fr a gr 000 0 fre d
035 _aUPN01000058846
040 _aMX-MxUPN
_bspa
_cMX-MxUPN
041 _afre
050 4 _aPC2111
_bG3.9
100 1 _aGabet, G.
_953066
100 1 _aGillard, G.
_953067
245 1 0 _aVocabulaire et méthode d'orthographe composition française
260 _aParís :
_bLibrairie Hachette,
_c1932.
300 _a123 páginas :
_bilustraciones
650 4 _aFrancés
_xEstudio y enseñanza
_913059
902 _bMaríaRobles/160824
904 _aAC
_b058849
905 _aLibro
942 _2lcc
_cLIBRO
_n0
999 _c58846
_d58846